000 01150nam a22003137a 4500
999 _c20585
_d20585
005 20191224042358.0
008 191112b xxu||||| |||| 00| 0 spa d
020 _a9789585205307
040 _aCO-BoIAVH
_cCO-BoIAVH
041 _aspa
044 _ack
082 _a638.1
_bC81v
100 _aCorrea, Ana Ruby
245 _aValidación a nivel nacional e internacional de la comercialización de prototipos de productos de las abejas con base en la innovación y el desarrollo tecnológico.
250 _aPrimera edición
260 _aBogotá:
_bAparios El Pinar Ltda,
_c2018.
300 _a135 Páginas:
_bfotografías y tablas,
_c23 x 17 cm.
500 _aIncluye referencias bibliográficas.
650 0 _aApicultura
_z Colombia
650 0 _aIndicadores de sostenibilidad
650 0 _aBiodiversidad vegetal
650 0 _aInvestigación científica
700 _aCuenca, Martha Maria
700 _aZuluaga, Carlos Mario
700 _aFuenmayor, Carlos Alberto
700 _aQuicazán, Marta Cecilia
710 _aCOLCIENCIAS
942 _2ddc
_cLIBRO